000
00327nam a2200133Ia 4500
005
20251222144847.0
008
251222s9999||||xx |||||||||||||| ||spa||
020
_a
0-19-437202-2
082
_a
425.01/W92S
100
_a
Wright, Andrew
245
0
_a
Storytelling With Children
264
_b
Universidad de Oxford
942
_c
LIB
999
_c
21456
_d
21456